[Event "Barcelona Amateur op-E 7th"]
[Site "Barcelona"]
[Date "2009.02.10"]
[Round "2"]
[White "Padros Martinez, Albert"]
[Black "Moranta Miro, Antoni"]
[Result "1-0"]
[WhiteElo "1893"]
[BlackElo "2033"]
[PlyCount "51"]
[EventDate "2009.02.03"]
[EventType "swiss"]
[EventRounds "8"]
[EventCountry "ESP"]
[SourceTitle "EXT 2011"]
[Source "ChessBase"]
[SourceDate "2010.11.26"]
[SourceVersion "1"]
[SourceVersionDate "2010.11.26"]
[SourceQuality "1"]

1. d4 Nf6 2. Nd2 g6 3. e4 d6 4. f4 Bg7 5. Ngf3 Bg4 6. h3 Bxf3 7. Qxf3 c6 8. Bd3 0-0 9. g4 e5 10. dxe5 dxe5 11. f5 gxf5 12. gxf5 Nbd7 13. Nb3 Rc8 14. Rg1 Kh8 15. Bg5 c5 16. Nd2 Qa5 17. c3 b5 18. Qg3 Rg8 19. Qh4 c4 20. Bc2 b4 21. cxb4 Qxb4 22. 0-0-0 Rb8 23. b3 Rgc8 24. Nxc4 Rxc4 25. bxc4 Qxc4 26. Bh6 1-0